Finanční řízení a rozhodování podniku

Guardado en:
Detalles Bibliográficos
Autor principal: Valach, Josef
Formato: Libro
Lenguaje:checo
Publicado: Praha Nad zlato 1993
Edición:1. vyd.
Materias:
Etiquetas: Agregar Etiqueta
Sin Etiquetas, Sea el primero en etiquetar este registro!

MARC

LEADER 00000nam a2200000 4500
001 c004325
005 20221206075508.2
020 |a 80-85626-12-8 
041 0 |a cze 
044 |a CZ 
245 1 0 |a Finanční řízení a rozhodování podniku  |c Josef Valach a kol. 
250 |a 1. vyd. 
264 1 |a Praha  |b Nad zlato  |c 1993 
300 |a 115 s. 
610 2 0 |a financie podnikové 
610 2 0 |a rozhodovanie finančné 
610 2 0 |a riziko 
610 2 0 |a štruktúra podniku finančná 
610 2 0 |a cash flow 
610 2 0 |a analýza finančná 
610 2 0 |a zdroje finančné 
610 2 0 |a manažment finančný 
100 1 |a Valach, Josef